Object-oriented design (Record no. 4214)
[ view plain ]
| 000 -LEADER | |
|---|---|
| fixed length control field | 00524 a2200181 4500 |
| 020 ## - INTERNATIONAL STANDARD BOOK NUMBER | |
| International Standard Book Number | 0136300707 |
| 040 ## - CATALOGING SOURCE | |
| Original cataloging agency | DLC |
| Language of cataloging | English |
| 082 00 - DEWEY DECIMAL CLASSIFICATION NUMBER | |
| Classification number | 005.1 |
| 100 1# - MAIN ENTRY--PERSONAL NAME | |
| Personal name | Coad, Peter. |
| 245 10 - TITLE STATEMENT | |
| Title | Object-oriented design |
| Statement of responsibility, etc. | Peter Coad and Edward Yourdon. |
| 260 ## - PUBLICATION, DISTRIBUTION, ETC. | |
| Place of publication, distribution, etc. | Englewood Cliffs, N.J. : |
| Name of publisher, distributor, etc. | Yourdon Press, |
| Date of publication, distribution, etc. | c1991. |
| 300 ## - PHYSICAL DESCRIPTION | |
| Extent | xvi, 197 p. : |
| Other physical details | ill. ; |
| Dimensions | 24 cm. |
| 440 #0 - SERIES STATEMENT/ADDED ENTRY--TITLE | |
| Title | Yourdon Press computing series |
| 650 #0 - SUBJECT ADDED ENTRY--TOPICAL TERM | |
| Topical term or geographic name entry element | System analysis. |
| 650 #0 - SUBJECT ADDED ENTRY--TOPICAL TERM | |
| Topical term or geographic name entry element | Software engineering. |
| 700 1# - ADDED ENTRY--PERSONAL NAME | |
| Personal name | Yourdon, Edward. |
| 942 ## - ADDED ENTRY ELEMENTS (KOHA) | |
| Koha item type | Book |
| Call number prefix | 005.1 COA |
| Source of classification or shelving scheme | |
| Withdrawn status | Lost status | Damaged status | Not for loan | Collection code | Permanent Location | Current Location | Shelving location | Date acquired | Source of acquisition | Cost, normal purchase price | Total Checkouts | Full call number | Barcode | Date last seen | Price effective from | Koha item type |
|---|---|---|---|---|---|---|---|---|---|---|---|---|---|---|---|---|
| Central Library (CL) | Central Library (CL) | First Floor - Software Engineering/ Programming Language | 04/12/2003 | progressive International Agencies | 2979.84 | 005.1 COA | SEECS003336 | 11/14/2012 | 01/05/2017 | Book | ||||||
| Central Library (CL) | Central Library (CL) | First Floor - Software Engineering/ Programming Language | 01/14/2003 | NIMS Photocopier Shop | 005.1 COA | SEECS002930 | 11/14/2012 | 01/05/2017 | Book | |||||||
| Central Library (CL) | Central Library (CL) | First Floor - Software Engineering/ Programming Language | 01/14/2003 | NIMS Photocopier Shop | 005.1 COA | SEECS002927 | 11/14/2012 | 01/05/2017 | Book |
